[Event "DEM U10 2021"]
[Site "Willingen GER"]
[Date "2021.08.23"]
[Round "1"]
[White "Seth, Aakrit"]
[Black "Schröder, Hannes Artur"]
[Result "1-0"]
[Termination "normal"]
[Board "25"]
[WhiteElo "1330"]
[BlackElo "961"]
[WhiteClock "00:55:41"]
[BlackClock "01:14:58"]
[PlyCount "105"]
[WhiteFideId "34604812"]
[BlackFideId "34608818"]
[EventCountry "GER"]
[EventRounds "11"]
[EventType "swiss"]
[EventDate "2021.08.22"]

1. d4 {[%clk 01:15:56]} {[%emt 00:00:04]} d5 {[%clk 01:16:21]} {[%emt
00:00:06]} 2. Bf4 {[%clk 01:16:18]} {[%emt 00:00:09]} Bf5 {[%clk 01:16:32]}
{[%emt 00:00:13]} 3. e3 {[%clk 01:16:42]} {[%emt 00:00:13]} Nc6 {[%clk
01:16:46]} {[%emt 00:00:16]} 4. c3 {[%clk 01:17:02]} {[%emt 00:00:09]} Nf6
{[%clk 01:17:05]} {[%emt 00:00:11]} 5. Bd3 {[%clk 01:17:15]} {[%emt 00:00:18]}
Bxd3 {[%clk 01:16:57]} {[%emt 00:00:39]} 6. Qxd3 {[%emt 00:00:12]} e6 {[%clk
01:17:16]} {[%emt 00:00:06]} 7. Nd2 {[%clk 01:17:54]} {[%emt 00:00:13]} Bd6
{[%clk 01:17:23]} {[%emt 00:00:23]} 8. Bg3 {[%clk 01:18:11]} {[%emt 00:00:13]}
h6 {[%clk 01:17:30]} {[%emt 00:00:23]} 9. Ngf3 {[%clk 01:18:27]} {[%emt
00:00:15]} a6 {[%clk 01:17:07]} {[%emt 00:00:53]} 10. O-O {[%clk 01:17:54]}
{[%emt 00:00:59]} Qe7 {[%clk 01:17:19]} {[%emt 00:00:21]} 11. Rfe1 {[%clk
01:16:32]} {[%emt 00:01:52]} e5 {[%clk 01:17:19]} {[%emt 00:00:30]} 12. dxe5
{[%clk 01:15:50]} {[%emt 00:01:12]} Nxe5 {[%clk 01:17:02]} {[%emt 00:00:48]}
13. Nxe5 {[%clk 01:16:04]} {[%emt 00:00:15]} Bxe5 {[%clk 01:17:15]} {[%emt
00:00:18]} 14. Bxe5 {[%clk 01:16:21]} {[%emt 00:00:10]} Qxe5 {[%clk 01:17:37]}
{[%emt 00:00:10]} 15. Nf3 {[%clk 01:14:41]} {[%emt 00:02:10]} Qe4 {[%clk
01:17:41]} {[%emt 00:00:25]} 16. Qxe4+ {[%clk 01:14:05]} {[%emt 00:01:07]} Nxe4
{[%clk 01:17:56]} {[%emt 00:00:15]} 17. Rad1 {[%clk 01:14:22]} {[%emt
00:00:10]} O-O-O {[%clk 01:18:11]} {[%emt 00:00:17]} 18. Ne5 {[%clk 01:12:43]}
{[%emt 00:02:09]} Ng5 {[%clk 01:18:15]} {[%emt 00:00:25]} 19. f4 {[%clk
01:12:37]} {[%emt 00:00:31]} Rhe8 {[%clk 01:18:30]} {[%emt 00:00:22]} 20. fxg5
{[%clk 01:08:00]} {[%emt 00:05:07]} Rxe5 {[%clk 01:18:45]} {[%emt 00:00:15]}
21. gxh6 {[%clk 01:08:19]} {[%emt 00:00:11]} gxh6 {[%clk 01:18:57]} {[%emt
00:00:17]} 22. Kf2 {[%clk 01:07:42]} {[%emt 00:01:08]} c5 {[%clk 01:18:46]}
{[%emt 00:00:42]} 23. Rd3 {[%clk 01:07:19]} {[%emt 00:00:50]} Kc7 {[%clk
01:18:19]} {[%emt 00:00:59]} 24. Red1 {[%clk 01:07:11]} {[%emt 00:00:38]} Kc6
{[%clk 01:18:05]} {[%emt 00:00:44]} 25. c4 {[%clk 01:05:21]} {[%emt 00:02:21]}
a5 {[%clk 01:17:01]} {[%emt 00:01:34]} 26. g4 {[%clk 01:04:56]} {[%emt
00:00:54]} b5 {[%clk 01:17:05]} {[%emt 00:00:26]} 27. b3 {[%clk 01:04:41]}
{[%emt 00:00:46]} Rd6 {[%clk 01:16:36]} {[%emt 00:00:57]} 28. Kg3 {[%clk
01:03:45]} {[%emt 00:01:26]} a4 {[%clk 01:15:32]} {[%emt 00:01:37]} 29. h4
{[%clk 01:03:13]} {[%emt 00:01:00]} f6 {[%clk 01:15:18]} {[%emt 00:00:44]} 30.
Kf4 {[%clk 01:00:44]} {[%emt 00:02:57]} Re4+ {[%clk 01:15:11]} {[%emt
00:00:40]} 31. Kf3 {[%clk 00:59:32]} {[%emt 00:01:42]} Re5 {[%clk 01:14:19]}
{[%emt 00:01:22]} 32. bxa4 {[%clk 00:57:23]} {[%emt 00:02:39]} bxc4 {[%clk
01:14:34]} {[%emt 00:00:15]} 33. Ra3 {[%clk 00:57:45]} {[%emt 00:00:07]} d4
{[%clk 01:14:37]} {[%emt 00:00:27]} 34. exd4 {[%clk 00:55:49]} {[%emt
00:02:26]} cxd4 {[%clk 01:14:53]} {[%emt 00:00:14]} 35. a5 {[%clk 00:54:37]}
{[%emt 00:01:42]} Kb5 {[%clk 01:14:00]} {[%emt 00:01:21]} 36. a6 {[%clk
00:54:20]} {[%emt 00:00:50]} Rxa6 {[%clk 01:13:31]} {[%emt 00:00:59]} 37. Rb1+
{[%clk 00:54:39]} {[%emt 00:00:09]} Kc6 {[%clk 01:13:35]} {[%emt 00:00:26]} 38.
Rxa6+ {[%clk 00:55:03]} {[%emt 00:00:07]} Kc7 {[%clk 01:13:40]} {[%emt
00:00:25]} 39. Rxf6 {[%clk 00:53:59]} {[%emt 00:01:33]} d3 {[%clk 01:13:55]}
{[%emt 00:00:16]} 40. Rc1 {[%clk 00:53:07]} {[%emt 00:01:21]} Kd7 {[%clk
01:13:22]} {[%emt 00:01:04]} 41. Rxc4 {[%clk 00:52:48]} {[%emt 00:00:48]} d2
{[%clk 01:13:24]} {[%emt 00:00:29]} 42. Rd4+ {[%clk 00:53:12]} {[%emt
00:00:06]} Ke7 {[%clk 01:13:07]} {[%emt 00:00:47]} 43. Rf5 {[%clk 00:53:14]}
{[%emt 00:00:26]} Ke6 {[%emt 00:01:27]} 44. Rxe5+ {[%clk 00:53:18]} {[%emt
00:00:12]} Kxe5 {[%clk 01:13:12]} {[%emt 00:00:12]} 45. Rxd2 {[%clk 00:53:42]}
{[%emt 00:00:05]} Ke6 {[%clk 01:13:22]} {[%emt 00:00:17]} 46. a4 {[%clk
00:54:06]} {[%emt 00:00:09]} Kf6 {[%clk 01:13:38]} {[%emt 00:00:13]} 47. a5
{[%clk 00:54:30]} {[%emt 00:00:06]} Kg6 {[%clk 01:13:59]} {[%emt 00:00:09]} 48.
a6 {[%clk 00:54:39]} {[%emt 00:00:22]} h5 {[%clk 01:14:05]} {[%emt 00:00:24]}
49. gxh5+ {[%clk 00:54:56]} {[%emt 00:00:13]} Kxh5 {[%clk 01:14:27]} {[%emt
00:00:08]} 50. a7 {[%clk 00:55:21]} {[%emt 00:00:06]} Kxh4 {[%clk 01:14:39]}
{[%emt 00:00:17]} 51. a8=Q {[%clk 00:55:38]} {[%emt 00:00:13]} Kg5 {[%clk
01:14:58]} {[%emt 00:00:11]} 52. Qc6 {[%clk 00:55:41]} {[%emt 00:00:26]} Kf5
{[%emt 00:00:18]} 53. Rd5# {[%emt 00:00:03]} 1-0

[Event "DEM U10 2021"]
[Site "Willingen GER"]
[Date "2021.08.23"]
[Round "1"]
[White "Prashanthakumar, Arju"]
[Black "Fadeev, Justin Michael"]
[Result "0-1"]
[Termination "normal"]
[Board "26"]
[WhiteElo "953"]
[BlackElo "1323"]
[WhiteClock "00:58:03"]
[BlackClock "01:23:40"]
[PlyCount "104"]
[WhiteFideId "34604065"]
[BlackFideId "34602968"]
[EventCountry "GER"]
[EventRounds "11"]
[EventType "swiss"]
[EventDate "2021.08.22"]

1. e4 {[%clk 01:15:59]} c5 {[%clk 01:15:53]} {[%emt 00:00:07]} 2. Nf3 {[%clk
01:16:18]} {[%emt 00:00:12]} e6 {[%clk 01:16:05]} {[%emt 00:00:17]} 3. d4
{[%clk 01:16:27]} {[%emt 00:00:21]} cxd4 {[%clk 01:16:09]} {[%emt 00:00:25]} 4.
Nxd4 {[%clk 01:16:28]} {[%emt 00:00:30]} Nf6 {[%clk 01:16:11]} {[%emt
00:00:28]} 5. Nc3 {[%clk 01:16:29]} {[%emt 00:00:29]} Nc6 {[%clk 01:16:23]}
{[%emt 00:00:19]} 6. Ndb5 {[%clk 01:16:27]} {[%emt 00:00:32]} Bb4 {[%clk
01:15:56]} {[%emt 00:00:56]} 7. Nd6+ {[%clk 01:16:03]} {[%emt 00:00:54]} Ke7
{[%clk 01:16:00]} {[%emt 00:00:27]} 8. Nc4 {[%clk 01:12:22]} {[%emt 00:04:09]}
Nxe4 {[%clk 01:16:11]} {[%emt 00:00:21]} 9. Bd2 {[%clk 01:12:20]} {[%emt
00:00:30]} Nxd2 {[%clk 01:15:41]} {[%emt 00:01:01]} 10. Qxd2 {[%clk 01:12:26]}
{[%emt 00:00:24]} d5 {[%clk 01:16:01]} {[%emt 00:00:10]} 11. a3 {[%clk
01:10:32]} {[%emt 00:02:24]} Bxc3 {[%clk 01:16:21]} {[%emt 00:00:10]} 12. Qxc3
{[%clk 01:10:54]} {[%emt 00:00:08]} dxc4 {[%clk 01:16:35]} {[%emt 00:00:17]}
13. Qxg7 {[%clk 01:10:59]} {[%emt 00:00:25]} Qa5+ {[%clk 01:16:43]} {[%emt
00:00:21]} 14. c3 {[%clk 01:09:46]} {[%emt 00:01:43]} Qe5+ {[%clk 01:17:00]}
{[%emt 00:00:14]} 15. Qxe5 {[%clk 01:10:08]} {[%emt 00:00:08]} Nxe5 {[%clk
01:17:20]} {[%emt 00:00:09]} 16. f4 {[%clk 01:10:04]} {[%emt 00:00:32]} Nd3+
{[%clk 01:17:21]} {[%emt 00:00:31]} 17. Bxd3 {[%clk 01:10:26]} {[%emt
00:00:08]} cxd3 {[%clk 01:17:43]} {[%emt 00:00:08]} 18. Rd1 {[%clk 01:10:36]}
{[%emt 00:00:20]} Rd8 {[%clk 01:18:00]} {[%emt 00:00:13]} 19. Kf2 {[%clk
01:10:49]} {[%emt 00:00:16]} b6 {[%clk 01:18:08]} {[%emt 00:00:24]} 20. Rhe1
{[%clk 01:10:49]} {[%emt 00:00:27]} Ba6 {[%clk 01:17:59]} {[%emt 00:00:42]} 21.
Ke3 {[%clk 01:07:24]} {[%emt 00:03:54]} Rd6 {[%clk 01:17:29]} {[%emt 00:00:58]}
22. Rd2 {[%clk 01:07:20]} {[%emt 00:00:35]} Bc4 {[%clk 01:17:39]} {[%emt
00:00:21]} 23. Rf1 {[%clk 01:03:57]} {[%emt 00:03:51]} Bb3 {[%clk 01:17:09]}
{[%emt 00:01:01]} 24. Rxd3 {[%clk 01:03:38]} {[%emt 00:00:50]} Rxd3+ {[%clk
01:17:24]} {[%emt 00:00:15]} 25. Kxd3 {[%clk 01:03:52]} {[%emt 00:00:15]} Rd8+
{[%clk 01:17:49]} {[%emt 00:00:06]} 26. Ke3 {[%clk 01:03:38]} {[%emt 00:00:42]}
Rd1 {[%clk 01:17:53]} {[%emt 00:00:27]} 27. Rxd1 {[%clk 01:03:44]} {[%emt
00:00:26]} Bxd1 {[%clk 01:18:10]} {[%emt 00:00:12]} 28. g3 {[%clk 01:03:54]}
{[%emt 00:00:19]} Kd6 {[%clk 01:17:56]} {[%emt 00:00:45]} 29. Kd4 {[%clk
01:04:03]} {[%emt 00:00:20]} f6 {[%clk 01:18:00]} {[%emt 00:00:27]} 30. h3
{[%clk 00:59:51]} {[%emt 00:04:41]} e5+ {[%clk 01:18:19]} {[%emt 00:00:11]} 31.
fxe5+ {[%clk 01:00:13]} {[%emt 00:00:09]} fxe5+ {[%clk 01:18:40]} {[%emt
00:00:08]} 32. Ke4 {[%clk 01:00:29]} {[%emt 00:00:11]} Bc2+ {[%clk 01:18:54]}
{[%emt 00:00:19]} 33. Ke3 {[%clk 01:00:36]} {[%emt 00:00:24]} Kc5 {[%clk
01:18:48]} {[%emt 00:00:36]} 34. g4 {[%clk 01:00:41]} {[%emt 00:00:25]} Kc4
{[%clk 01:19:04]} {[%emt 00:00:15]} 35. h4 {[%clk 01:00:46]} {[%emt 00:00:24]}
Kb3 {[%clk 01:19:28]} {[%emt 00:00:07]} 36. g5 {[%clk 01:00:57]} {[%emt
00:00:18]} Bg6 {[%clk 01:19:31]} {[%emt 00:00:26]} 37. Kf3 {[%clk 00:58:51]}
{[%emt 00:02:36]} Kxb2 {[%clk 01:19:49]} {[%emt 00:00:13]} 38. Kg4 {[%clk
00:59:11]} {[%emt 00:00:10]} Kxa3 {[%clk 01:20:10]} {[%emt 00:00:10]} 39. h5
{[%clk 00:59:32]} {[%emt 00:00:08]} Bc2 {[%clk 01:20:33]} {[%emt 00:00:07]} 40.
Kf3 {[%clk 00:57:37]} {[%emt 00:02:25]} Kb2 {[%clk 01:20:51]} {[%emt 00:00:12]}
41. Kg4 {[%clk 00:57:40]} {[%emt 00:00:27]} a5 {[%clk 01:21:14]} {[%emt
00:00:07]} 42. g6 {[%clk 00:56:00]} {[%emt 00:02:10]} hxg6 {[%clk 01:21:31]}
{[%emt 00:00:13]} 43. h6 {[%clk 00:56:14]} {[%emt 00:00:15]} g5 {[%clk
01:21:53]} {[%emt 00:00:09]} 44. Kxg5 {[%clk 00:56:38]} {[%emt 00:00:06]} a4
{[%clk 01:22:17]} {[%emt 00:00:06]} 45. Kf6 {[%clk 00:56:55]} {[%emt 00:00:13]}
a3 {[%clk 01:22:40]} {[%emt 00:00:07]} 46. Kxe5 {[%clk 00:56:10]} {[%emt
00:01:17]} a2 {[%clk 01:23:03]} {[%emt 00:00:07]} 47. Kf6 {[%clk 00:56:35]}
{[%emt 00:00:05]} a1=Q {[%clk 01:23:16]} {[%emt 00:00:13]} 48. Kg7 {[%clk
00:56:57]} {[%emt 00:00:12]} Qg1+ {[%clk 01:23:29]} {[%emt 00:00:17]} 49. Kh8
{[%clk 00:57:08]} {[%emt 00:00:19]} Bb3 {[%clk 01:23:30]} {[%emt 00:00:28]} 50.
h7 {[%clk 00:57:29]} {[%emt 00:00:10]} Qc5 {[%clk 01:23:16]} {[%emt 00:00:43]}
51. Kg7 {[%clk 00:57:45]} {[%emt 00:00:14]} Qg5+ {[%clk 01:23:40]} {[%emt
00:00:07]} 52. Kh8 {[%clk 00:58:03]} {[%emt 00:00:12]} Qf6# {[%emt 00:00:14]}
0-1